| 000 | 00698nam a2200229Ia 4500 | ||
|---|---|---|---|
| 003 | IEPS | ||
| 005 | 20250703135309.0 | ||
| 008 | 250223s9999||||xx |||||||||||||| ||und|| | ||
| 020 | _a995706357* | ||
| 040 | _CIEPS | ||
| 041 | _aara | ||
| 082 | _a370.19 | ||
| 100 | _aعباس محمد خليل | ||
| 245 | 0 | _aمدخل الى مناهج البحث في التربية و علم النفس | |
| 250 | _aط. 02 | ||
| 260 |
_aعمان _bدار المسيرة للنشر و التوزيع و الطباعة _c2009 |
||
| 300 |
_a430 ص. _bجداول ، اشكال _c24 سم. |
||
| 653 | _aالتربية | ||
| 653 | _aعلم النفس | ||
| 700 | _aنوفل محمد بكر | ||
| 942 | _cكتاب | ||
| 999 |
_c12945 _d12945 |
||